000 00748nac a22001931u 4500
010 _a 93000488
020 _a0125184050 (acid-free paper)
082 0 0 _a005.1
_bN6691
090 _c3995
_d3995
100 _aNielsen, Jakob,
245 1 0 _aUsability engineering /
_cJakob Nielsen.
260 _aBoston :
_bAcademic Press,1993
_c1993.
300 _axiv, 358 p. :
_bill. ;
_c24 cm.
504 _aIncludes bibliographical references (p. 283-336) and indexes.
650 0 _aUser interfaces (Computer systems)
650 0 _aComputer software
_xDevelopment.
942 _cBB
_k005.1N6691
999 _c3995
_d3995